000 00500nam a22001697a 4500
003 macl
005 20160320155038.0
008 160320b xxu||||| |||| 00| 0 eng d
040 _cmacl
041 _aHindi
082 _a004
100 _aशर्मा कुलदीप
_947857
245 _aविज्ञान कल की दुनिया
260 _aनई दिल्‍ली
_bसुधा बुक मार्ट
_c2011
650 _aComputer
_947858
942 _2ddc
_cHIN
999 _c53594
_d53594